| 000 | 00432cam a22001097a 4500 | ||
|---|---|---|---|
| 008 | 180718b1982 xxu||||| |||| 00| 0 eng d | ||
| 082 | _aR603x5442 M278/1881-1981 | ||
| 245 |
_aFactories act centenary commemoration volume _cby Directorate General of Information and Public Relations |
||
| 260 |
_aBombay _bGovernment Central Press _c1982 |
||
| 300 | _a139p | ||
| 700 | _aMaharashtra. Directorate General of Information and Public Relations | ||
| 999 |
_c496142 _d496142 |
||